|
|
|
|
| LEADER |
00000nab a22000005a 4500 |
| 001 |
AR-BbUGT10156 |
| 003 |
AR-BbUGT |
| 005 |
20210622181151.0 |
| 007 |
ta |
| 008 |
191007s1986 |||| |||| 00| 0 spa d |
| 040 |
|
|
|a AR-BbUGT
|c AR-BbUGT
|
| 100 |
1 |
|
|9 674
|a Gray de Cerdán, Nelly Amalia
|
| 245 |
1 |
|
|a Definición operativa del uso del suelo para localidades urbanas de hasta 150000 habs. :
|b un aporte de la geografía al urbanismo /
|c Nelly Amalia Gray de Cerdan.
|
| 300 |
|
|
|a p. 103-129
|
| 651 |
|
4 |
|a Mendoza (Argentina : Provincia)
|9 368
|
| 653 |
|
|
|a Planeamiento urbanístico
|
| 653 |
|
|
|a Urbanismo
|
| 653 |
|
|
|a Usos del suelo
|
| 773 |
0 |
|
|x 0185-1861
|d México D.F. : Siap, [1972] - .
|w AR-BbUGT7099
|t Revista Interamericana de Planificación /
|g Vol. 20, no. 77 (mar. 1986), p. 103-129
|q 20: 77<103
|
| 942 |
|
|
|2 ddc
|c ARTPP
|
| 999 |
|
|
|c 15885
|d 15885
|